Four plays / (Record no. 63211)
[ view plain ]
| 000 -LEADER | |
|---|---|
| fixed length control field | 00754nam a2200229 a 4500 |
| 001 - CONTROL NUMBER | |
| control field | 63211 |
| 003 - CONTROL NUMBER IDENTIFIER | |
| rucl marc code | BD-RJUL |
| 005 - DATE AND TIME OF LATEST TRANSACTION | |
| control field | 20211209081154.0 |
| 008 - FIXED-LENGTH DATA ELEMENTS--GENERAL INFORMATION | |
| fixed length control field | 170129s1984 enk 000 0 eng d |
| 035 ## - SYSTEM CONTROL NUMBER | |
| System control number | (BD-RJUL)63340 |
| 040 ## - CATALOGING SOURCE | |
| Original cataloging agency | NWM |
| Transcribing agency | NWM |
| Modifying agency | BD-RJUL |
| Language of cataloging | eng |
| 041 ## - LANGUAGE CODE | |
| Language code of text/sound track or separate title | eng |
| 082 ## - DEWEY DECIMAL CLASSIFICATION NUMBER | |
| Edition number | 23 |
| Classification number | 882.01 |
| Author mark and year | ARF 1951 |
| 100 0# - MAIN ENTRY--PERSONAL NAME | |
| Personal name | Aristophanes. |
| 9 (RLIN) | 188137 |
| 245 10 - TITLE STATEMENT | |
| Title | Four plays / |
| Statement of responsibility, etc. | by Aristophanes ; translations by William Arrowsmith, Richmond Lattimore, and Douglass Parker. |
| 260 ## - PUBLICATION, DISTRIBUTION, ETC. (IMPRINT) | |
| Place of publication, distribution, etc. | New York : |
| Name of publisher, distributor, etc. | New American Library, |
| Date of publication, distribution, etc. | 1912-1951 |
| 300 ## - PHYSICAL DESCRIPTION | |
| Pagination | 358 p. ; |
| Size | 17 cm. |
| 650 ## - SUBJECT ADDED ENTRY--TOPICAL TERM | |
| Topical term or geographic name as entry element | Greece -- History -- Peloponnesian War, 431-404 B.C. -- Drama. |
| 9 (RLIN) | 188138 |
| 700 ## - ADDED ENTRY--PERSONAL NAME | |
| Personal name | Frere John Hookham |
| Personal name | Merry W Walter |
| 942 ## - ADDED ENTRY ELEMENTS (KOHA) | |
| Source of classification or shelving scheme | Dewey Decimal Classification |
| Koha item type | Books |
| Lost status | Source of classification or shelving scheme | Damaged status | Not for loan | Collection code | Permanent Location | Current Location | Shelving location | Date acquired | Source of acquisition | Cost, normal purchase price | Total Checkouts | Full call number | Date last seen | Copy number | Koha item type |
|---|---|---|---|---|---|---|---|---|---|---|---|---|---|---|---|
| Dewey Decimal Classification | Not For Loan | Non-fiction | Central Library, University of Rajshahi | Central Library, University of Rajshahi | Reading Room | 25/10/1954 | O.U.P. | 2.13 | 882.01 ARF 1951 | 29/01/2017 | C-1 | Books |